DEBATE AND ARGUMENTATION IN ISLAM : (Record no. 203529)

MARC details
000 -LEADER
fixed length control field 00998nam a2200265 i 4500
003 - CONTROL NUMBER IDENTIFIER
control field OSt
005 - DATE AND TIME OF LATEST TRANSACTION
control field 20260329111949.0
008 - FIXED-LENGTH DATA ELEMENTS--GENERAL INFORMATION
fixed length control field 260329s2025 my grb 001 0aeng d
020 ## - INTERNATIONAL STANDARD BOOK NUMBER
International Standard Book Number 9789670037998
Terms of availability RM 55.00
Qualifying information paperback
040 ## - CATALOGING SOURCE
Original cataloging agency PPAK
Language of cataloging eng
Transcribing agency PPAK
Description conventions rda
082 04 - DEWEY DECIMAL CLASSIFICATION NUMBER
Edition number 23
Classification number 808.53
090 00 - LOCALLY ASSIGNED LC-TYPE CALL NUMBER (OCLC); LOCAL CALL NUMBER (RLIN)
Classification number (OCLC) (R) ; Classification number, CALL (RLIN) (NR) 808.53
Feature heading SYA
Feature heading G
100 0# - MAIN ENTRY--PERSONAL NAME
Personal name Syamsyuddin Arif,
Relator term author.
245 10 - TITLE STATEMENT
Title DEBATE AND ARGUMENTATION IN ISLAM :
Remainder of title A Historical Overview and Translation of al-Iji's, Taskopruzade's, and al-Hifni's Texts on Adab al-Bahth wa al-Munazarah /
Statement of responsibility, etc. Syamsyuddin Arif
264 #1 - PRODUCTION, PUBLICATION, DISTRIBUTION, MANUFACTURE, AND COPYRIGHT NOTICE
Place of production, publication, distribution, manufacture Kuala Lumpur :
Name of producer, publisher, distributor, manufacturer HEREO INK PRESS (Imprint IBDE Ilham Sdn. Bhd.),
Date of production, publication, distribution, manufacture, or copyright notice 2025
300 ## - PHYSICAL DESCRIPTION
Extent xii, 124 pages :
Other physical details illustrations ;
Dimensions 22 cm
336 ## - CONTENT TYPE
Content type term text
Source rdacontent
337 ## - MEDIA TYPE
Media type term unmediated
Source rdamedia
338 ## - CARRIER TYPE
Carrier type term volume
Source rdacarrier
500 ## - GENERAL NOTE
General note Includes index
650 10 - SUBJECT ADDED ENTRY--TOPICAL TERM
Topical term or geographic name entry element Debates and debating
Topical term or geographic name entry element Debates and debating
General subdivision Religious aspects
-- Islam
Topical term or geographic name entry element Reasoning
942 ## - ADDED ENTRY ELEMENTS (KOHA)
Source of classification or shelving scheme Dewey Decimal Classification
Koha item type Book
Holdings
Withdrawn Not for loan Current library Shelving location Date acquired Total Checkouts Full call number Barcode Date last seen Koha item type
    Perpustakaan Alor Setar Pinjaman Dewasa 31/03/2026   808.53 SYA A01912086 31/03/2026 Book
    Perpustakaan Awam Sungai Petani Pinjaman Dewasa 31/03/2026   808.53 SYA A01912087 31/03/2026 Book
    Perpustakaan Baling Pinjaman Dewasa 31/03/2026   808.53 SYA A01912091 31/03/2026 Book
    Perpustakaan Bandar Baharu Pinjaman Dewasa 31/03/2026   808.53 SYA A01912092 31/03/2026 Book
    Perpustakaan Jitra Pinjaman Dewasa 31/03/2026   808.53 SYA A01912088 31/03/2026 Book
    Perpustakaan Kuala Nerang Pinjaman Dewasa 31/03/2026   808.53 SYA A01912096 31/03/2026 Book
    Perpustakaan Kulim Pinjaman Dewasa 31/03/2026   808.53 SYA A01912090 31/03/2026 Book
    Perpustakaan Langkawi Pinjaman Dewasa 31/03/2026   808.53 SYA A01912089 31/03/2026 Book
    Perpustakaan Merbok Pinjaman Dewasa 31/03/2026   808.53 SYA A01912093 31/03/2026 Book
    Perpustakaan Pendang Pinjaman Dewasa 31/03/2026   808.53 SYA A01912097 31/03/2026 Book
    Perpustakaan Sik Pinjaman Dewasa 31/03/2026   808.53 SYA A01912095 31/03/2026 Book
    Perpustakaan Yan Pinjaman Dewasa 31/03/2026   808.53 SYA A01912094 31/03/2026 Book